Comunicación cristiana de bienes en el nuevo testamento: ordenación de textos referentes a los deberes sociales
Salvato in:
| Ente Autore: | |
|---|---|
| Natura: | Libro |
| Lingua: | spagnolo |
| Pubblicazione: |
Madrid
Euramerica
1959
|
| Edizione: | 2a. ed |
| Serie: | Colección Mundo Mejor
|
| Soggetti: | |
| Tags: |
Aggiungi Tag
Nessun Tag, puoi essere il primo ad aggiungerne!!
|
MARC
| LEADER | 00000nam a2200000 a 4500 | ||
|---|---|---|---|
| 001 | UCL5398 | ||
| 003 | CL-VaPUC | ||
| 008 | 040312e19590000SP |||||||||||||||||spa|d | ||
| 082 | 0 | 4 | |a 241.4 |b CAR |2 21 |
| 110 | 2 | |a Caritas Española |e author |9 483146 | |
| 245 | 1 | 0 | |a Comunicación cristiana de bienes en el nuevo testamento: ordenación de textos referentes a los deberes sociales |
| 250 | |a 2a. ed | ||
| 300 | |a 234 p | ||
| 942 | |c BK | ||
| 945 | |d 20040312 00:00:00 |a vberengu | ||
| 260 | |a Madrid |b Euramerica |c 1959 | ||
| 650 | 7 | |a CARIDAD |2 CL-VaPUC |9 307339 | |
| 583 | |a last modification |c 20040312 00:00:00 |k Rodrigo Vera | ||
| 490 | 0 | |a Colección Mundo Mejor | |
| 999 | |c 308005 |d 308003 | ||
| 952 | |0 0 |1 2 |4 0 |6 241_400000000000000_CAR_1959 |7 0 |8 A |9 374209 |a BIBTEO |b BIBTEO |d 2019-11-21 |i 2105373 |o 241.4 CAR 1959 |p 2105373 |r 2019-11-21 |w 2019-11-21 |x Descarte 2019 |y BK |k ICR | ||